| 000 | 00757cam a22002411 4500 | ||
|---|---|---|---|
| 001 | med47002172 | ||
| 003 | DLC | ||
| 005 | 20260227111605.0 | ||
| 008 | 810815s1947 xx a 000 0 eng | ||
| 010 | _amed47002172 | ||
| 035 | _a(OCoLC)14740888 | ||
| 040 |
_aDLC _cDNLM _dDLC |
||
| 042 | _apremarc | ||
| 050 | 0 | 0 |
_aRM700 _b.W65 1947 |
| 060 | 0 |
_aWB 460 _bW931e 1947 |
|
| 100 | 1 |
_aWorster, William W., _d1878- |
|
| 245 | 1 | 0 | _aElements of physical medicine ... |
| 250 | _a7th ed. thoroughly rev. ... | ||
| 260 |
_aSan Gabriel, Calif., _bCollege Pub. Co. _c[1947] |
||
| 300 |
_a333 p. _bill. |
||
| 500 | _aEarlier editions published under titles: Physiotherapy and Elements of physical therapy. | ||
| 700 | 1 |
_aWorster, William W., _d1878- _tPhysiotherapy. |
|
| 999 |
_c38526 _d38526 |
||